000 01324nam a2200337 a 4500
001 ebr10315769
003 CaPaEBR
006 m u
007 cr cn|||||||||
008 030402r20031983wiu s s000 0 eng
020 _z0299191443 (alk. paper)
040 _aCaPaEBR
_cCaPaEBR
035 _a(OCoLC)489295254
050 1 4 _aPE1408
_b.K557 2003eb
082 0 4 _a808/.042
_221
100 1 _aKesselman-Turkel, Judi.
240 1 0 _aGetting it down
245 1 0 _aSecrets to writing great papers
_h[electronic resource] /
_cJudi Kesselman-Turkel and Franklynn Peterson.
260 _aMadison, Wis. :
_bUniversity of Wisconsin Press,
_c[2003], c1982.
300 _a78 p.
490 1 _aStudy smart series
500 _aOriginally published: Getting it down. Chicago : Contemporary Books, c1983.
533 _aElectronic reproduction.
_bPalo Alto, Calif. :
_cebrary,
_d2013.
_nAvailable via World Wide Web.
_nAccess may be limited to ebrary affiliated libraries.
650 0 _aEnglish language
_xRhetoric.
650 0 _aReport writing.
655 7 _aElectronic books.
_2local
700 1 _aPeterson, Franklynn.
710 2 _aebrary, Inc.
830 0 _aStudy smart series.
856 4 0 _uhttp://site.ebrary.com/lib/rucke/Doc?id=10315769
_zAn electronic book accessible through the World Wide Web; click to view
999 _c57209
_d57209